000 00571pam a2200157 a 4500
020 _a185278461X :
040 _cDLC
082 _a330 ELG 1992 A108 Or.
100 1 _aCharemza, Wojciech
245 1 0 _aNew directions in econometric practice :
_bgeneral to specific modelling, cointegration, and vector autoregression /
260 _aAldershot, Hants, England :
_bE. Elgar ;
_aBrookfield, VT, USA :
_bDistributed in the U.S. by Ashgate Pub. Co.,
_cc1992
300 _axii, 370 p. :
_bill. ;
_c25 cm
650 0 _aEconometric models
700 1 _aDeadman, Derek
942 _cEK
999 _c16622
_d16622